000 00688nam a2200205 4500
999 _c80570
_d80570
008 201207b ||||| |||| 00| 0 eng d
040 _bger
_cSTAFF
_erda
_aSTAFF
041 _ager
100 _aHardt, Matthias:
245 _aDer Slawenaufstand von 983 und seine Folgen/
_cMatthias Hardt
490 _aDie Mark Brandenburg
_vHeft 119: Rebellion und Revolution
648 _a983 u.Z.
650 _aSlawenaufstand
651 _aFriedersdorf <Brandenburg>
773 _dBerlin: Die Mark Brandenburg - Verlag für Regional- und Zeitgeschichte
_g(2020) Heft 119, S. 6-13: Abb.
_tDie Mark Brandenburg
942 _cA